[Event "AUT-chT2M 1617"]
[Site "Austria"]
[Date "2016.11.12"]
[Round "4.5"]
[White "Schoenangerer, Herbert"]
[Black "Titz, Heimo"]
[Result "1/2-1/2"]
[WhiteElo "2057"]
[BlackElo "2163"]
[PlyCount "83"]
[EventDate "2016.10.07"]
[EventType "team-tourn"]
[EventRounds "11"]
[EventCountry "AUT"]
[SourceTitle "CBM 175 Extra"]
[Source "ChessBase"]
[SourceDate "2016.12.12"]
[SourceVersion "1"]
[SourceVersionDate "2016.12.12"]
[SourceQuality "1"]
[WhiteTeam "Wolfsberg"]
[BlackTeam "Die Klagenfurter"]
[WhiteTeamCountry "AUT"]
[BlackTeamCountry "AUT"]

1. e4 c5 2. Nc3 Nc6 3. g3 g6 4. Bg2 Bg7 5. d3 d6 6. f4 e6 7. Bd2 Nge7 8. Nf3 Rb8 9. Rb1 b5 10. a3 a5 11. a4 b4 12. Nb5 Nd4 13. c4 Nec6 14. 0-0 0-0 15. Be3 Bb7 16. Qd2 Nxf3+ 17. Bxf3 Nd4 18. Bg2 Bc6 19. Bxd4 cxd4 20. f5 Be5 21. Qh6 Qe7 22. fxg6 fxg6 23. Rxf8+ Rxf8 24. Rf1 Rxf1+ 25. Bxf1 Qf6 26. Bg2 Qe7 27. Qd2 Kg7 28. Qf2 Qf6 29. Qxf6+ Kxf6 30. Kf2 Ke7 31. h3 Be8 32. b3 Kd7 33. Bf3 Kc6 34. g4 g5 35. Ke2 Kb6 36. Kd2 Bf4+ 37. Ke2 Kc5 38. Bg2 Bd7 39. Bf3 Be5 40. Bg2 Be8 41. Bf3 h6 42. Bg2 1/2-1/2

[Event "Graz op"]
[Site "Graz"]
[Date "2015.08.31"]
[Round "3"]
[White "Titz, Heimo"]
[Black "Schoenangerer, Herbert"]
[Result "1-0"]
[WhiteElo "2159"]
[BlackElo "2062"]
[PlyCount "71"]
[EventDate "2015.08.29"]
[EventType "swiss"]
[EventRounds "9"]
[EventCountry "AUT"]
[SourceTitle "EXT 2016"]
[Source "ChessBase"]
[SourceDate "2015.10.08"]
[SourceVersion "1"]
[SourceVersionDate "2015.10.08"]
[SourceQuality "1"]

1. c4 e6 2. d4 d5 3. Nc3 Nf6 4. cxd5 exd5 5. Bg5 Be7 6. e3 0-0 7. Qc2 c6 8. Bd3 Nbd7 9. Nge2 Re8 10. 0-0 Nf8 11. Rfe1 Nh5 12. Bxe7 Rxe7 13. Rad1 Nf6 14. Ng3 Be6 15. f3 Qa5 16. a3 Rae8 17. Qd2 g6 18. Nce4 dxe4 19. Qxa5 exd3 20. Rxd3 a6 21. e4 Bc8 22. Red1 h5 23. h4 Kg7 24. Qc3 Ne6 25. Qd2 Rd8 26. b4 Red7 27. d5 cxd5 28. exd5 Nc7 29. Nf5+ Kg8 30. Qh6 Nce8 31. Ne3 Nd6 32. Qf4 Kg7 33. Qd4 Re7 34. Qb6 Red7 35. Rc1 Re8 36. Rc7 1-0

[Event "Frohnleiten op"]
[Site "Frohnleiten"]
[Date "1999.??.??"]
[Round "5"]
[White "Rodkin, Rafael"]
[Black "Schoenangerer, Herbert"]
[Result "1-0"]
[WhiteElo "2240"]
[BlackElo "2055"]
[PlyCount "101"]
[EventDate "1999.??.??"]
[EventType "swiss"]
[EventRounds "9"]
[EventCountry "AUT"]
[SourceTitle "EXT 2001"]
[Source "ChessBase"]
[SourceDate "2000.11.22"]
[SourceVersion "1"]
[SourceVersionDate "2000.11.22"]
[SourceQuality "1"]

1. c4 e6 2. e4 d5 3. exd5 exd5 4. cxd5 Nf6 5. Bb5+ Bd7 6. Bc4 Be7 7. Nc3 0-0 8. Nge2 Bg4 9. f3 Bh5 10. d4 Nbd7 11. Nf4 Nb6 12. Bb3 Bg6 13. 0-0 Bb4 14. a3 Bxc3 15. bxc3 Nfxd5 16. c4 Nxf4 17. Bxf4 c6 18. a4 Re8 19. a5 Nd7 20. Qd2 Qf6 21. c5 a6 22. Ra4 Nf8 23. Bd6 Rad8 24. d5 Qf5 25. Rd4 Rc8 26. g4 Qf6 27. Rb4 h5 28. g5 Qf5 29. Rxb7 cxd5 30. Ba4 d4 31. Bxe8 Rxe8 32. Qxd4 Qxg5+ 33. Kf2 Ne6 34. Qb4 Qd5 35. Re1 Kh7 36. Re5 Qa2+ 37. Re2 Qd5 38. Rd2 Qf5 39. h4 Qh3 40. Rb8 Rxb8 41. Bxb8 Bf5 42. Bg3 g5 43. hxg5 Bg6 44. Rd5 Ng7 45. Rd8 Qf5 46. Qd4 Qc2+ 47. Kf1 Qc1+ 48. Be1 Qxg5 49. Bc3 Qc1+ 50. Kg2 Qc2+ 51. Kh3 1-0

[Event "Graz op-A"]
[Site "Graz"]
[Date "1999.??.??"]
[Round "6"]
[White "Schoenangerer, Herbert"]
[Black "Valent, Peter"]
[Result "0-1"]
[WhiteElo "2055"]
[BlackElo "2060"]
[PlyCount "60"]
[EventDate "1999.09.17"]
[EventType "swiss"]
[EventRounds "9"]
[EventCountry "AUT"]
[SourceTitle "EXT 2001"]
[Source "ChessBase"]
[SourceDate "2000.11.22"]
[SourceVersion "1"]
[SourceVersionDate "2000.11.22"]
[SourceQuality "1"]

1. e4 e5 2. Nf3 Nc6 3. c3 d5 4. Qa4 Bd7 5. exd5 Nd4 6. Qd1 Nxf3+ 7. Qxf3 Nf6 8. d3 Bg4 9. Qg3 Qxd5 10. Bg5 Bf5 11. Be2 0-0-0 12. 0-0 Bxd3 13. Bxd3 Qxd3 14. Nd2 h6 15. Be3 Bd6 16. Rad1 Qf5 17. Nc4 Ne4 18. Qh4 g5 19. Qh5 Qe6 20. Qe2 f5 21. f3 Nf6 22. b4 Nd5 23. Bd2 Rhe8 24. Rfe1 Bf8 25. Na5 e4 26. fxe4 fxe4 27. Qc4 Nb6 28. Qe2 e3 29. Bc1 Rxd1 30. Rxd1 Bg7 0-1